[Event "Novorossiysk Small Land Blitz"]
[Site "Novorossiysk"]
[Date "2022.07.17"]
[Round "12"]
[White "Shirinkin, Pavel"]
[Black "Kryakvin, Dmitry"]
[Result "0-1"]
[WhiteElo "1902"]
[BlackElo "2523"]
[PlyCount "62"]
[EventDate "2022.07.17"]
[EventType "swiss (blitz)"]
[EventRounds "13"]
[EventCountry "RUS"]
[SourceTitle "CBM 209 Extra"]
[Source "ChessBase"]
[SourceDate "2022.09.30"]
[SourceVersion "1"]
[SourceVersionDate "2022.09.30"]
[SourceQuality "1"]

1. d4 e6 2. Nf3 c5 3. e3 Nf6 4. c4 d5 5. Nc3 Nc6 6. Be2 cxd4 7. Nxd4 Bd7 8. 0-0 Be7 9. cxd5 exd5 10. Bf3 Be6 11. Qb3 Qd7 12. Nxe6 fxe6 13. Rd1 0-0 14. Nxd5 exd5 15. Bxd5+ Nxd5 16. Rxd5 Qe6 17. e4 Kh8 18. f3 b6 19. Be3 Rac8 20. Rad1 Bf6 21. Qa4 Na5 22. b3 Qc6 23. Qb4 Qc3 24. Qxc3 Rxc3 25. Rd7 Rxe3 26. Rxa7 Re2 27. Ra6 Rc8 28. g4 h6 29. Rxb6 Rcc2 30. Rb8+ Kh7 31. h4 Bxh4 0-1